Housing design (Record no. 104408)

MARC details
000 -LEADER
fixed length control field 01527cam a2200193 4500
001 - CONTROL NUMBER
control field L130242
008 - FIXED-LENGTH DATA ELEMENTS--GENERAL INFORMATION
fixed length control field 050704n2005 000 0 eng u
035 ## - SYSTEM CONTROL NUMBER
System control number (Sirsi) u130242
041 ## - LANGUAGE CODE
Language code of text/sound track or separate title eng
100 ## - MAIN ENTRY--PERSONAL NAME
Personal name Goodchild, Barry
245 ## - TITLE STATEMENT
Title Housing design
Remainder of title a survey and literature review
260 ## - PUBLICATION, DISTRIBUTION, ETC.
Place of publication, distribution, etc. London
Name of publisher, distributor, etc. RICS
Date of publication, distribution, etc. 2005
300 ## - PHYSICAL DESCRIPTION
Extent 8p
520 ## - SUMMARY, ETC.
Summary, etc. Professor Barry Goodchild's study reports on the results of a postal survey of over 150 chartered surveyor estate agents on the factors influencing house purchasers in their choice of property. It examines the extent to which developers are meeting consumer desires and the ways in which the design and development process might be improved. The most important factors are price, location and the characteristics of the local environment followed by the type and design of the dwelling. Less important factors are a property's capital appreciation and the reputation of the developer. The most important location issues for consumers are good quality schools, well-maintained properties and the absence of graffiti and vandalism with an area's attractive appearance and postcode status also important. The least important issues are access to good restaurants and shops and the presence of high value property in the area.
590 ## - LOCAL NOTE (RLIN)
Local note IKA190705
690 ## - LOCAL SUBJECT ADDED ENTRY--TOPICAL TERM (OCLC, RLIN)
Topical term or geographic name as entry element PROPERTY-RESIDENTIAL PROPERTY-RESIDENTIAL PROPERTY DEVELOPMENT
856 ## - ELECTRONIC LOCATION AND ACCESS
Uniform Resource Identifier <a href="https://www.rics.org/RICSWEB/getpage.aspx?p=DFirzBn9s0KyWRb96r9UCw">https://www.rics.org/RICSWEB/getpage.aspx?p=DFirzBn9s0KyWRb96r9UCw</a>
Public note View the study free of charge at www.rics.org...
942 ## - ADDED ENTRY ELEMENTS (KOHA)
Suppress in OPAC 0
Holdings
Withdrawn status Lost status Source of classification or shelving scheme Damaged status Not for loan Home library Current library Shelving location Date acquired Total Checkouts Full call number Barcode Date last seen Copy number Price effective from Koha item type
    Dewey Decimal Classification     Virtual Virtual Online 04/07/2005   ONLINE PUBLICATION 130242-2001 06/08/2019 1 06/08/2019 Book